00341nam a2200133Ia 45000010005000000080041000050200022000460820017000681000019000852450036001042600024001409010028001649990015001923890241024s9999 xx 000 0 und d a978-9945-8828-9-6 aRD/793/V297h aKennedy Vargas 0aHistoria del Ajedrez Dominicano bSanto Domingoc2013 a28/1/2015 10:22:13 a.m. c7934d7934